Туннели: курс лекций на инженерно-строительном фак. Сибирского технологического института

Détails bibliographiques
Auteur principal: Евдокимов-Рокотовский М. И. Михаил Ильич
Collectivité auteur: Сибирский технологический институт (СТИ)
Résumé:Стеклогр. изд.
Langue:russe
Publié: Томск, Издатком СТИ, 1926
Sujets:
Format: Livre
KOHA link:https://koha.lib.tpu.ru/cgi-bin/koha/opac-detail.pl?biblionumber=200300

MARC

LEADER 00000nam0a2200000 4500
001 200300
005 20231101224939.0
010 |b 150 экз. 
035 |a (RuTPU)RU\TPU\book\218367 
035 |a RU\TPU\tpu\3490 
090 |a 200300 
100 |a 20110905d1926 m y0rusy50 ca 
101 0 |a rus 
102 |a RU 
105 |a af j 000zy 
200 1 |a Туннели  |e курс лекций на инженерно-строительном фак. Сибирского технологического института  |f М. И. Евдокимов-Рокотовский  |g Сибирский технологический институт (СТИ) 
210 |a Томск  |c Издатком СТИ  |d 1926 
215 |a 396 с.  |c ил. 
300 |a Стеклогр. изд. 
316 |5 63413507: 59//438  |a Карандашные пометы 
606 1 |a Туннели  |x Постройка  |2 stltpush  |3 (RuTPU)RU\TPU\subj\62031  |9 79188 
610 1 |a строительное дело 
610 1 |a подземные сооружения 
610 1 |a туннелестроение 
610 1 |a труды учёных ТПУ 
610 1 |a учебные пособия 
610 1 |a коллекция ТПУ 
675 |a 624.19(075.8)  |v 3 
700 1 |a Евдокимов-Рокотовский  |b М. И.  |c советский инженер-строитель  |c профессор ТПИ  |f 1887-?  |g Михаил Ильич  |2 stltpush  |3 (RuTPU)RU\TPU\pers\21864 
712 0 2 |a Сибирский технологический институт (СТИ)  |c (Томск)  |c (1923-1930)  |2 stltpush  |3 (RuTPU)RU\TPU\col\5002 
801 0 |a RU  |b 63413507  |c 20011210  |g PSBO 
801 2 |a RU  |b 63413507  |c 20201211  |g PSBO 
942 |c BK